| 000 | 00648nam a2200217Ia 4500 | ||
|---|---|---|---|
| 005 | 20260429111915.0 | ||
| 008 | 260429s9999||||xx |||||||||||||| ||und|| | ||
| 020 | _a9781041203452 | ||
| 041 | _aEnglish | ||
| 082 |
_a004.68 _bHIN |
||
| 100 | _aAndreas, Hinterhuber | ||
| 245 | 0 |
_aManaging digital transformation : _bunderstanding the strategic process / _cHinterhuber Andreas |
|
| 250 | _a1st ed. | ||
| 260 |
_aUnited Kingdom : _bRoutledge, _c2021. |
||
| 300 | _axiv, 282 p.; pbk | ||
| 650 | _a Strategic management | ||
| 650 | _aDigital transformation | ||
| 700 | _a Checchinato, Francesca | ||
| 700 | _a Vescovi, Tiziano | ||
| 942 | _cTB | ||
| 999 |
_c51370 _d51370 |
||